Statistics for Reigning Royalty Descended from Queen Victoria and King Christian IX

Click here to take the quiz!

General Stats

  • This quiz has been taken 977 times
    (968 since last reset)
  • The average score is 40 of 61

Answer Stats

CountryRelation to Queen VictoriaRelation to King Christian IXRoyal HouseReignMonarch or Consort% Correct
GermanyGrandchildNoneHohenzollern1888 - 1918Emperor Wilhelm II
95%
GreeceNoneChildGlücksburg1863 - 1913King George I (born Prince William of Denmark)
95%
United KingdomGreat-GrandchildGreat-GrandchildWindsor1936 - 1952King George VI
95%
BelgiumNoneGreat-Great-Great-Great-GrandchildSaxe-Coburg and GothaFuturePrincess Elisabeth, Duchess of Brabant
95%
GreeceGreat-GrandchildNoneHohenzollern-Sigmaringen1922 - 1924Queen Elisabeth of Romania (consort of King George II of Greece)
95%
United KingdomGreat-Great-GrandchildGreat-Great-GrandchildWindsor1952 - PresentQueen Elizabeth II
95%
GreeceGreat-GrandchildGreat-GrandchildGlücksburg1922 - 1924 & 1935 - 1947King George II
93%
United KingdomGrandsonGrandsonSaxe-Coburg and Gotha (changed to Windsor in 1917)1910 - 1936King George V
93%
United KingdomGreat-Great-Great-Great-Great-GrandchildGreat-Great-Great-Great-GrandchildWindsorFuturePrince George of Cambridge
93%
United KingdomGreat-Great-Great-GrandchildGreat-Great-GrandchildWindsorFutureCharles, Prince of Wales
92%
United KingdomChildNoneSaxe-Coburg and Gotha1901 - 1910King Edward VII
91%
United KingdomGreat-GrandchildGreat-GrandchildWindsor1936King Edward VIII
91%
SpainGreat-Great-Great-GrandchildGreat-Great-Great-GrandchildBourbon2014 - PresentKing Felipe VI
91%
BelgiumNoneGreat-Great-Great-GrandchildSaxe-Coburg and Gotha2013 - PresentKing Philippe
91%
United KingdomGreat-Great-Great-Great-GrandchildGreat-Great-Great-GrandchildWindsorFuturePrince William, Duke of Cambridge
91%
United KingdomGreat-Great-GrandchildGreat-GrandchildGlücksburg1952 - PresentPrince Philip, Duke of Edinburgh (born in Greece) (consort of Queen Elizabeth II of the United Kingdom)
89%
GermanyChildNoneSaxe-Coburg and Gotha1888Empress Victoria, Queen of Prussia (born in the United Kingdom) (consort of Emperor Frederick III)
81%
SpainGrandchildNoneBattenberg1906 - 1931Queen Victoria Eugenie of Battenberg (born in the United Kingdom) (consort of King Alfonso XIII of Spain)
81%
SwedenGreat-Great-Great-GrandchildNoneBernadotteFutureVictoria, Crown Princess of Sweden
81%
DenmarkGreat-Great-GrandchildGreat-Great-GrandchildGlücksburg1972 - PresentQueen Margrethe II
78%
RussiaNoneGrandchildRomanov1894 -1917Emperor Nicholas II
73%
RussiaNoneChildGlücksburg1861 - 1894Empress Maria Feodorovna (born Princess Dagmar of Denmark) (consort of Emperor Alexander III of Russia)
73%
DenmarkNoneGrandchildGlücksburg1912 - 1947King Christian X
71%
DenmarkGreat-Great-Great-Great-GrandchildGreat-Great-Great-Great-GrandchildGlücksburgFuturePrince Christian, Count of Monpezat
71%
GreeceGreat-Great-GrandchildGreat-Great-GrandchildGlücksburg1964 - 1973Queen Anne-Marie of Denmark (consort of King Constantine II of Greece)
71%
YugoslaviaGreat-GrandchildNoneHohenzollern-Sigmaringen1922 - 1934Queen Maria of Romania (consort of King Alexander I of Yugoslavia)
71%
RomaniaGrandchildNoneSaxe-Coburg and Gotha1914 - 1927Queen Marie of Edinburgh (consort of King Ferdinand I of Romania)
71%
RussiaGrandchildNoneHesse-Darmstadt1894 - 1917Empress Alexandra Feodorovna of Hesse and by Rhine (Consort of Emperor Nicholas II of Russia)
70%
BelgiumNoneGreat-Great-GrandchildSaxe-Coburg and Gotha1993 - 2013King Albert II
70%
NorwayNoneGrandchildGlücksburg1905 - 1957King Haakon VII (born Prince Carl of Denmark)
70%
United KingdomNoneChildGlücksburg1901 - 1910Queen Alexandra of Denmark (consort of King Edward VII of the United Kingdom)
70%
DenmarkGreat-Great-Great-GrandchildGreat-Great-Great-GrandchildGlücksburgFutureFrederick, Crown Prince of Denmark
65%
LuxembourgNoneGreat-Great-Great-GrandchildNassau-Weillburg2000 - PresentHenri, Grand Duke of Luxembourg
65%
DenmarkNoneGreat-GrandchildGlücksburg1947 - 1972King Frederick IX
65%
DenmarkNoneChildGlücksburg1906 - 1912King Frederick VIII
65%
SwedenGreat-Great-GrandchildNoneBernadotte1973 - PresentKing Carl XVI Gustaf
64%
SpainGreat-Great-GrandchildGreat-Great-GrandchildGlücksburg1975 - 2014Queen Sofia of Greece and Denmark (consort of King Juan Carlos I)
63%
GreeceGrandchildNoneHohenzollern1913 - 1917 & 1920 - 1922Queen Sophia of Prussia (consort of King Constantine I of Greece)
63%
SpainGreat-Great-GrandchildNoneBourbon1975 - 2014King Juan Carlos I
61%
GreeceGreat-GrandchildGreat-GrandchildGlücksburg1917 - 1920King Alexander
57%
GreeceNoneGrandchildGlücksburg1913 - 1917 & 1920 - 1922King Constantine I
57%
GreeceGreat-Great-GrandchildGreat-Great-GrandchildGlücksburg1964 - 1973King Constantine II
57%
NorwayGreat-Great-Great-GrandchildGreat-Great-Great-GrandchildGlücksburgFutureHaakon, Crown Prince of Norway
55%
RomaniaNoneGreat-GrandchildBourbon-ParmaUnofficialQueen Anne of Bourbon Palma (born in France) (consort of King Michael I of Romania)
55%
RomaniaGreat-Great-GrandchildGreat-Great-GrandchildHohenzollern-Sigmaringen1927 - 1930 & 1940 - 1947King Michael I
50%
NorwayGreat-Great-GrandchildGreat-Great-GrandchildGlücksburg1991 - PresentKing Harald V
49%
NorwayGreat-GrandchildGreat-GrandchildGlücksburg1957 - 1991King Olav V
49%
SpainGreat-Great-Great-Great-GrandchildGreat-Great-Great-Great-GrandchildBourbonFutureLeonor, Princess of Asturias
48%
GreeceGreat-GrandchildGreat-GrandchildGlücksburg1947 - 1964King Paul I
47%
NorwayGreat-Great-Great-Great-GrandchildGreat-Great-Great-Great-GrandchildGlücksburgFuturePrincess Ingrid Alexandra
46%
DenmarkGreat-GrandchildNoneBernadotte1947 - 1972Queen Ingrid of Sweden (consort of Frederick IX of Denmark)
46%
SwedenGreat-Great-Great-Great-GrandchildNoneBernadotteFuturePrincess Estelle, Duchess of Östergötland
43%
NorwayGrandchildGrandchildSaxe-Coburg and Gotha1905 - 1938Queen Maud of Wales (consort of King Haakon VII of Norway)
41%
YugoslaviaGreat-Great-GrandchildNoneKarađorđević1934 - 1945King Peter II
39%
SwedenGreat-GrandchildNoneBattenberg1950 - 1965Queen Louise of Battenberg (consort of King Gustaf VI Adolf of Sweden)
38%
RomaniaGreat-GrandchildNoneHohenzollern-Sigmaringen1930 - 1940King Carol II of Romania
37%
BelgiumNoneGreat-GrandchildBernadotte1934 - 1935Queen Astrid of Sweden (consort of King Leopold III of Belgium)
29%
GreeceGreat-GrandchildGreat-GrandchildHanover1947 - 1964Queen Frederica of Hanover (consort of King Paul I of Greece)
25%
LuxembourgNoneGreat-Great-GrandchildSaxe-Coburg and Gotha1964 - 2000Grand Duchess Josephine Charlotte of Belgium (consort of Jean, Grand Duke of Luxembourg)
24%
LuxembourgNoneGreat-Great-Great-Great-GrandchildNassau-WeilburgFutureGuillaume, Hereditary Grand Duke of Luxembourg
22%
BelgiumNoneGreat-Great-GrandchildSaxe-Coburg and Gotha1951 - 1993King Baudoin
19%

Score Distribution

Percentile by Number Answered

Percent of People with Each Score

Your Score History

You have not taken this quiz since the last reset